Wydarzenia z historii polski - Statystyki

Ogólne statystyki
  • Ten quiz został rozwiązany 34 razy
  • Średni wynik to 5 z 45
Statystyki odpowiedzi
Data Wydarzenie % Poprawnych
966 Chrzest Polski
96%
972 Bitwa Pod Cedynią
54%
1410 Bitwa Pod Grunwaldem
50%
1525 Hołd Pruski
25%
1918 Odzyskanie Niepodległości
25%
1444 Bitwa Pod Warną
18%
1793 Drugi Rozbiór Polski
18%
1772 Pierwszy Rozbiór Polski
18%
1795 Trzeci Rozbiór Polski / Upadek Polski
18%
1569 Unia Lubelska
18%
1385 Unia w Krewie
18%
1920 Bitwa Warszawska
14%
1945 Koniec II Wojny Światowej
14%
1138 Początek Rozbicia Dzielnicowego
14%
1981 Wprowadzenie Stanu Wojennego
14%
1605 Bitwa Pod Kircholmem
11%
1683 Bitwa Pod Wiedniem
11%
1320 Koronacja Władysława Łokietka / Koniec Rozbicia Dzielnicowego
11%
1018 Pokój w Budziszynie
11%
1939 Wybuch II Wojny Światowej / Inwazja Na Polskę
11%
1241 Bitwa Pod Legnicą
7%
1997 Dołączenie Do NATO
7%
997 Misja Świętego Wojciecha
7%
1573 Pierwsza Wolna Elekcja
7%
1807 Powstanie Księstwa Warszawskiego
7%
1989 Upadek Komunizmu / Powstanie III Rzeczypospolitej
7%
1944 Wybuch Powstania Warszawskiego
7%
2004 Dołączenie Do Unii Europejskiej
4%
2010 Katastrofa Lotnicza w Smoleńsku / Tragedia Smoleńska
4%
1573 Konfederacja Warszawska
4%
1505 Nihil Novi
4%
1655 Obrona Jasnej Góry
4%
1863 Wybuch Powstania Listopadowego
4%
1195 Bitwa Pod Mozgawą
0%
1295 Koronacja Przemysła II
0%
2012 Organizacja Mistrzostw Europy
0%
2020 Początek Pandemii COVID-19
0%
1768 Powstanie Konfederacji Barskiej
0%
2005 Śmierć Jana Pawła II
0%
1648 Wybuch Powstania Chmielnickiego / Wybuch Powstania Kozaków
0%
1034 Wybuch Powstania Ludowego / Powstanie Ludowe
0%
1543 Wydanie "O Obrotach Sfer Niebieskich"
0%
1580 Założenie Zamości
0%
1610 Zdobycie Moskwy
0%
1227 Zjazd W Gąsawie
0%
Nie znaleziono quizów pasujących do podanych kryteriów
Rozkład punktacji
Procent ludzi z każdym wynikiem
Percentyl według liczby udzielonych odpowiedzi
Twoja historia wyników
Nie rozwiązałeś tego quizu